| 000 | 00751nam a2200217 a 4500 | ||
|---|---|---|---|
| 001 | BRCA_4743 | ||
| 005 | 20190320204802.0 | ||
| 008 | 071010s1930----enka######---#000-0#eng-# | ||
| 041 | _aeng | ||
| 044 | _aenk | ||
| 050 | 4 |
_aNK3000 _b.T46 1930 |
|
| 100 | 1 |
_aThomson, William George _912004 |
|
| 245 | 1 | 0 |
_aA History of Tapestry _bfrom the Earliest Times until the Present Day _cby W. G. Thomson. |
| 260 |
_aLondres _bHodder & Stoughton _c1930 |
||
| 300 |
_a550 p. _bil. (algunas a color) _c28 cm. |
||
| 500 | _aIncluye índice de ilustraciones, índice con la lista de los principales centros de fabricación e índice con temas relacionado con los tapices | ||
| 500 | _aD85 | ||
| 650 | 1 | 4 |
_aTapices _xHistoria _95686 |
| 902 | _aGFM | ||
| 942 |
_2lcc _cB |
||
| 999 |
_c4441 _d4441 |
||